000 01094nam a22002777a 4500
005 20240530110432.0
008 150224s2009 ua g b 000 0 ara d
017 _a2009/5992
_bمصر . دار الكتب المصرية
020 _a9773502562
040 _aEG-CaGPL
041 0 _aara
082 0 4 _221
_a950.2\
_bع ج
100 0 _aعلى محمد محمد الصلابى
245 1 2 _aالجذور التاريخية لسقوط بغداد :
_bالتتار بين الانتشار و الانكسار /
_cعلى محمد محمد الصلابى
260 _aالقاهرة :
_bدار الكتاب الحديث ،
_c2010
300 _a479 ص ؛
_c24 سم
490 _aموسوعة تاريخ العصور الوسطى و الحرب الصليبة
504 _aببليوجرافية : ص 459 - 471
600 0 4 _aجنكيزخان
650 0 4 _aالمغول و التتار
650 0 4 _aالدولة الخوارزمية
650 0 4 _aدولة المماليك
650 0 4 _aمعركة عين جالوت
942 _2ddc
_cBK
999 _c60859
_d60859